000 nam a22 7a 4500
999 _c7736
_d7736
008 171005b xxu||||| |||| 00| 0 eng d
100 _94218
_aSachdeva.etal
245 _aPhysics-XI
260 _aNew Delhi
_bJPH
_c2008